[Event "Budapest Karacsonyi op 3rd"]
[Site "Budapest"]
[Date "2011.12.28"]
[Round "2"]
[White "Kelemen, Lajos"]
[Black "Orosz, Andras1111"]
[Result "0-1"]
[WhiteElo "1446"]
[BlackElo "1724"]
[PlyCount "102"]
[EventDate "2011.12.27"]
[EventType "swiss"]
[EventRounds "7"]
[EventCountry "HUN"]
[SourceTitle "EXT 2020"]
[Source "ChessBase"]
[SourceDate "2019.10.17"]
[SourceVersion "1"]
[SourceVersionDate "2019.10.17"]
[SourceQuality "1"]

1. d4 d5 2. Nf3 Nf6 3. e3 c6 4. Bd3 Bg4 5. h3 Bh5 6. 0-0 e6 7. Nbd2 Bd6 8. c3 Nbd7 9. Qc2 Bg6 10. Bxg6 hxg6 11. c4 Qc7 12. c5 Be7 13. b4 e5 14. dxe5 Nxe5 15. Nxe5 Qxe5 16. Bb2 Qf5 17. Qxf5 gxf5 18. Rfe1 Rh7 19. a4 Ne4 20. Nf3 g5 21. Rad1 a5 22. b5 Nxc5 23. bxc6 bxc6 24. Ba3 Ne6 25. Bxe7 Kxe7 26. Nd4 Nxd4 27. exd4+ Kf6 28. Rc1 Ra6 29. Re8 Rh4 30. Rc8 Rxd4 31. Ra1 Rc4 32. Rh8 Kg7 33. Rd8 d4 34. Rd6 Rb6 35. Rd7 Rbb4 36. Re1 Rb8 37. Re5 Rxa4 38. Rxf5 Rf8 39. Rxg5+ Kf6 40. Rc5 Rc8 41. Ra7 Ra1+ 42. Kh2 Ke6 43. h4 d3 44. Rcxa5 Rc1 45. Ra4 d2 46. Re4+ Kf5 47. f3 d1Q 48. Rxf7+ Kg6 49. Rff4 Qd6 50. Rd4 Qc7 51. Kg3 Rg8 0-1

[Event "Budapest Karacsonyi op 3rd"]
[Site "Budapest"]
[Date "2011.12.27"]
[Round "1"]
[White "Lovas, Miklos"]
[Black "Kelemen, Lajos"]
[Result "1-0"]
[WhiteElo "1864"]
[BlackElo "1446"]
[PlyCount "95"]
[EventDate "2011.12.27"]
[EventType "swiss"]
[EventRounds "7"]
[EventCountry "HUN"]
[SourceTitle "EXT 2020"]
[Source "ChessBase"]
[SourceDate "2019.10.17"]
[SourceVersion "1"]
[SourceVersionDate "2019.10.17"]
[SourceQuality "1"]

1. e4 c5 2. Nf3 e6 3. d4 cxd4 4. Nxd4 Qb6 5. Nb3 Nc6 6. Be3 Qc7 7. Nc3 Bb4 8. Qd2 Nf6 9. Bd3 0-0 10. h3 Ne5 11. Bd4 Nxd3+ 12. cxd3 e5 13. Be3 b6 14. Bg5 Ne8 15. 0-0 f6 16. Be3 Bb7 17. Rac1 Qd8 18. Qe2 Nc7 19. a3 Bxc3 20. bxc3 d5 21. exd5 Nxd5 22. c4 Nxe3 23. Qxe3 Qe7 24. c5 bxc5 25. Nxc5 Rae8 26. Nxb7 Qxb7 27. Rb1 Qa6 28. Rb3 Rb8 29. Rfb1 Rxb3 30. Rxb3 Qa4 31. Rc3 Rb8 32. Qf3 Rb1+ 33. Kh2 Qf4+ 34. Qxf4 exf4 35. Rc8+ Kf7 36. Rc7+ Kg6 37. Rxa7 Rd1 38. a4 Rxd3 39. a5 Ra3 40. a6 h5 41. Ra8 Kf5 42. a7 g5 43. f3 Ra2 44. Kg1 g4 45. fxg4+ hxg4 46. hxg4+ Kxg4 47. Rg8+ Kh5 48. a8Q 1-0

[Event "Miercurea Ciuc Banc Post op 14th"]
[Site "Miercurea Ciuc"]
[Date "2011.08.14"]
[Round "3"]
[White "Camarascu, Radu Stefan"]
[Black "Kelemen, Lajos"]
[Result "1-0"]
[WhiteElo "1823"]
[BlackElo "1442"]
[PlyCount "74"]
[EventDate "2011.08.12"]
[EventType "swiss"]
[EventRounds "9"]
[EventCountry "ROU"]
[SourceTitle "CBM 144 Extra"]
[Source "ChessBase"]
[SourceDate "2011.10.28"]
[SourceVersion "1"]
[SourceVersionDate "2011.10.28"]
[SourceQuality "1"]

1. d4 Nf6 2. c4 c5 3. e3 e6 4. Nc3 d5 5. Nf3 cxd4 6. exd4 Bb4 7. Bd3 0-0 8. 0-0 Nc6 9. a3 Bxc3 10. bxc3 b6 11. Qc2 dxc4 12. Bxc4 Bb7 13. Bg5 h6 14. Bh4 Rc8 15. Bd3 g5 16. Bg3 Ne7 17. Be5 Ned5 18. c4 Kg7 19. Qd2 Nf4 20. Bxf4 Bxf3 21. Bxg5 Rh8 22. Bxf6+ Qxf6 23. gxf3 Qxd4 24. Qe3 Qf6 25. Rfe1 Rcg8 26. Kh1 Kf8 27. Rg1 Rg5 28. f4 Rc5 29. Rae1 h5 30. f5 e5 31. f4 Qc6+ 32. Rg2 f6 33. Qg3 Qb7 34. fxe5 fxe5 35. f6 Rc7 36. Qxe5 Qa8 37. f7 Rxf7 1-0

[Event "Budapest FS03 FM-C"]
[Site "Budapest"]
[Date "2011.03.11"]
[Round "7"]
[White "Kelemen, Lajos"]
[Black "Somogyi, Theodora"]
[Result "1-0"]
[WhiteElo "1449"]
[BlackElo "1222"]
[PlyCount "45"]
[EventDate "2011.03.05"]
[EventType "tourn"]
[EventRounds "10"]
[EventCountry "HUN"]
[SourceTitle "CBM 141 Extra"]
[Source "ChessBase"]
[SourceDate "2011.05.03"]
[SourceVersion "1"]
[SourceVersionDate "2011.05.03"]
[SourceQuality "1"]

1. e4 c5 2. Bc4 e5 3. Qh5 g6 4. Qxe5+ Qe7 5. Qxe7+ Bxe7 6. Nc3 Nf6 7. e5 Ng4 8. Nf3 Nc6 9. Nd5 Bd8 10. 0-0 0-0 11. Re1 Re8 12. d3 Nd4 13. Nxd4 cxd4 14. Bf4 g5 15. Bg3 a6 16. a4 Nh6 17. f4 g4 18. c3 Nf5 19. Bf2 Bh4 20. Bxh4 Nxh4 21. Nf6+ Kf8 22. Nxe8 Kxe8 23. cxd4 1-0

[Event "Budapest FS03 FM-C"]
[Site "Budapest"]
[Date "2011.03.10"]
[Round "6"]
[White "Simonyi, Dora"]
[Black "Kelemen, Lajos"]
[Result "0-1"]
[WhiteElo "1362"]
[BlackElo "1449"]
[PlyCount "120"]
[EventDate "2011.03.05"]
[EventType "tourn"]
[EventRounds "10"]
[EventCountry "HUN"]
[SourceTitle "CBM 141 Extra"]
[Source "ChessBase"]
[SourceDate "2011.05.03"]
[SourceVersion "1"]
[SourceVersionDate "2011.05.03"]
[SourceQuality "1"]

1. d4 c5 2. c3 cxd4 3. cxd4 Nf6 4. Nc3 e6 5. e4 Bb4 6. Bg5 Qa5 7. Bd2 0-0 8. Nf3 a6 9. Bd3 Qc7 10. e5 Bxc3 11. Bxc3 Nd5 12. Rc1 Nc6 13. 0-0 h6 14. Bd2 Qd8 15. a3 Qb6 16. Bc3 Nf4 17. Qd2 Nxd3 18. Qxd3 Qb3 19. Qe4 Qd5 20. Nd2 b5 21. Qxd5 exd5 22. Nb3 f5 23. f4 Nd8 24. Bb4 Re8 25. Bd6 Ne6 26. Rcd1 Bb7 27. Nc5 Nxc5 28. Bxc5 Rac8 29. Rc1 Kf7 30. Kf2 g5 31. Ke3 g4 32. g3 h5 33. Kd2 Rh8 34. Rh1 h4 35. b3 Rh7 36. gxh4 Rxh4 37. Rc3 Rch8 38. Bb4 Rxh2+ 39. Rxh2 Rxh2+ 40. Ke1 Bc6 41. Rd3 Kg6 42. Re3 Kf7 43. Rd3 Rh8 44. Kf2 Rh2+ 45. Ke1 Kg6 46. Re3 Kh5 47. e6 dxe6 48. Rxe6 g3 49. Kf1 Rf2+ 50. Kg1 Rxf4 51. Rxc6 Rxd4 52. Rc3 f4 53. Bc5 Rd1+ 54. Kg2 Kg4 55. Bd6 Rd2+ 56. Kf1 g2+ 57. Kg1 f3 58. b4 d4 59. Rc7 Rd1+ 60. Kf2 g1Q# 0-1

[Event "Budapest FS03 FM-C"]
[Site "Budapest"]
[Date "2011.03.09"]
[Round "5"]
[White "Vujosevics, Eszter"]
[Black "Kelemen, Lajos"]
[Result "0-1"]
[WhiteElo "1404"]
[BlackElo "1449"]
[PlyCount "56"]
[EventDate "2011.03.05"]
[EventType "tourn"]
[EventRounds "10"]
[EventCountry "HUN"]
[SourceTitle "CBM 141 Extra"]
[Source "ChessBase"]
[SourceDate "2011.05.03"]
[SourceVersion "1"]
[SourceVersionDate "2011.05.03"]
[SourceQuality "1"]

1. e4 c5 2. Nf3 a6 3. c4 g6 4. d4 cxd4 5. Nxd4 Bg7 6. Nc3 e6 7. Be3 Ne7 8. Be2 e5 9. Nf3 0-0 10. 0-0 f5 11. exf5 Nxf5 12. Qd5+ Kh8 13. Ng5 Nxe3 14. Nf7+ Rxf7 15. Qxf7 Nxf1 16. Kxf1 Nc6 17. Ne4 Qe7 18. Qd5 Nb4 19. Qd2 Nc6 20. Qd5 Nd4 21. Nd6 h6 22. Qc5 Bf8 23. Qxe5+ Kh7 24. Qxd4 Qxd6 25. Qe4 Qxh2 26. Ke1 d5 27. Qf3 Bf5 28. Rd1 Bb4+ 0-1

[Event "Budapest FS11 FM-C"]
[Site "Budapest"]
[Date "2010.11.08"]
[Round "3"]
[White "Kelemen, Lajos"]
[Black "Somogyi, Theodora"]
[Result "1-0"]
[WhiteElo "1451"]
[BlackElo "1264"]
[PlyCount "59"]
[EventDate "2010.11.06"]
[EventType "tourn"]
[EventRounds "10"]
[EventCountry "HUN"]
[SourceTitle "EXT 2011"]
[Source "ChessBase"]
[SourceDate "2010.11.26"]
[SourceVersion "1"]
[SourceVersionDate "2010.11.26"]
[SourceQuality "1"]

1. d4 d5 2. e4 dxe4 3. Nc3 Nf6 4. f3 Bf5 5. g4 Be6 6. g5 Nd5 7. Nxe4 f5 8. gxf6 exf6 9. Qe2 c6 10. Be3 Nd7 11. 0-0-0 Qb6 12. Nh3 0-0-0 13. Nf4 Nxf4 14. Bxf4 f5 15. Nc3 Re8 16. Qd3 Nf6 17. Bh3 g6 18. Rhe1 c5 19. d5 Bd7 20. Rxe8+ Nxe8 21. Be5 Rg8 22. f4 Bg7 23. Bg2 g5 24. Bxg7 Nxg7 25. fxg5 Qd8 26. h4 Nh5 27. Qf3 Qe8 28. d6 f4 29. Qxb7+ Kd8 30. Qc7# 1-0

[Event "Miercurea Ciuc Banc Post op 13th"]
[Site "Miercurea Ciuc"]
[Date "2010.08.15"]
[Round "7"]
[White "Kelemen, Lajos"]
[Black "Benedek, Istvan"]
[Result "0-1"]
[WhiteElo "1457"]
[BlackElo "1846"]
[PlyCount "102"]
[EventDate "2010.08.10"]
[EventType "swiss"]
[EventRounds "9"]
[EventCountry "ROU"]
[SourceTitle "EXT 2012"]
[Source "ChessBase"]
[SourceDate "2011.11.24"]
[SourceVersion "1"]
[SourceVersionDate "2011.11.24"]
[SourceQuality "1"]

1. d4 d5 2. e4 e6 3. e5 c5 4. c3 Nc6 5. Nf3 Qb6 6. Bd3 cxd4 7. cxd4 Nge7 8. 0-0 Nb4 9. Be2 Nf5 10. Nc3 Bd7 11. a3 Nc6 12. Na4 Qc7 13. Bb5 a6 14. Bxc6 Bxc6 15. g4 Ne7 16. Nc3 Ng6 17. h4 Be7 18. Bg5 Bxg5 19. hxg5 Qe7 20. Qd2 h6 21. Kg2 Kd7 22. gxh6 Rxh6 23. Rh1 Rah8 24. Rxh6 Rxh6 25. Qg5 Nh4+ 26. Kg3 Nxf3 27. Qxe7+ Kxe7 28. Kxf3 Rh3+ 29. Kg2 Rd3 30. Rd1 Rxd1 31. Nxd1 f6 32. f4 fxe5 33. fxe5 Ba4 34. Nf2 Bc2 35. Kf3 Kd7 36. Kf4 b5 37. Nh3 a5 38. Ng5 b4 39. axb4 axb4 40. Nf7 Kc7 41. Nd6 Kb6 42. Ne8 Kb5 43. Nxg7 Kc4 44. Nxe6 Kb3 45. Nc5+ Kxb2 46. e6 Kc3 47. Ke5 Kc4 48. e7 Bg6 49. g5 Be8 50. Nb3 Kxb3 51. Kxd5 Kc3 0-1

[Event "Budapest FS06 FM-B"]
[Site "Budapest"]
[Date "2010.06.06"]
[Round "2"]
[White "Mayer, Istvan"]
[Black "Kelemen, Lajos"]
[Result "1-0"]
[WhiteElo "2119"]
[BlackElo "1437"]
[PlyCount "65"]
[EventDate "2010.06.05"]
[EventType "tourn"]
[EventRounds "11"]
[EventCountry "HUN"]
[SourceTitle "CBM 136 Extra"]
[Source "ChessBase"]
[SourceDate "2010.07.02"]
[SourceVersion "2"]
[SourceVersionDate "2010.07.15"]
[SourceQuality "1"]

1. e4 c5 2. Nf3 a6 3. c3 d5 4. exd5 Qxd5 5. d4 e6 6. Be2 Be7 7. 0-0 Nf6 8. Ne5 cxd4 9. cxd4 0-0 10. Nc3 Qd8 11. Bf3 Nd5 12. Nxd5 exd5 13. Qb3 Nd7 14. Bxd5 Nxe5 15. dxe5 Rb8 16. Bf4 Be6 17. Bxe6 fxe6 18. Qxe6+ Kh8 19. Be3 Re8 20. Qb6 Qd5 21. f4 h6 22. Rad1 Qc6 23. Qxc6 bxc6 24. Rf2 c5 25. b3 Rb4 26. Rc2 Rc8 27. Rd7 Re4 28. Kf2 Bf8 29. Rc4 Rxc4 30. bxc4 Rb8 31. Ra7 Rb2+ 32. Kf3 Rxa2 33. Ra8 1-0

[Event "Budapest FS05 FM-C"]
[Site "Budapest"]
[Date "2010.05.06"]
[Round "6"]
[White "Kiss, Sydney Olimpia"]
[Black "Kelemen, Lajos"]
[Result "0-1"]
[WhiteElo "1501"]
[BlackElo "1437"]
[PlyCount "90"]
[EventDate "2010.05.01"]
[EventType "tourn"]
[EventRounds "7"]
[EventCountry "HUN"]
[SourceTitle "CBM 136 Extra"]
[Source "ChessBase"]
[SourceDate "2010.07.02"]
[SourceVersion "2"]
[SourceVersionDate "2010.07.15"]
[SourceQuality "1"]

1. e4 c5 2. Nf3 a6 3. d4 cxd4 4. Nxd4 Nf6 5. Nc3 e5 6. Nf3 Bb4 7. Qd3 0-0 8. Bg5 Re8 9. Be2 Nc6 10. 0-0 Bxc3 11. bxc3 h6 12. Bh4 g5 13. Bg3 d5 14. exd5 e4 15. Qc4 Na5 16. Qc7 exf3 17. Qxd8 Rxd8 18. Bc7 fxe2 19. Bxd8 exf1Q+ 20. Rxf1 Nxd5 21. Bxa5 Bf5 22. c4 Nf6 23. f4 g4 24. c3 Bd3 25. Rd1 Bxc4 26. Rd6 Ne4 27. Rxh6 Bxa2 28. Bb6 Kg7 29. Rh4 f5 30. Bd4+ Kg6 31. g3 Rc8 32. Kg2 Nxc3 33. h3 Ne2 34. Bf2 Bd5+ 35. Kf1 Bc4 36. Kg2 a5 37. hxg4 a4 38. gxf5+ Kxf5 39. Rh5+ Ke4 40. Ra5 Bb3 41. Re5+ Kd3 42. Rb5 Ra8 43. Rxb7 Bd5+ 44. Kh2 Bxb7 45. Bc5 Rh8# 0-1

[Event "Budapest FS05 FM-C"]
[Site "Budapest"]
[Date "2010.05.02"]
[Round "2"]
[White "Mohamad Chan, Mahathir"]
[Black "Kelemen, Lajos"]
[Result "1-0"]
[WhiteElo "1721"]
[BlackElo "1437"]
[PlyCount "51"]
[EventDate "2010.05.01"]
[EventType "tourn"]
[EventRounds "7"]
[EventCountry "HUN"]
[SourceTitle "CBM 136 Extra"]
[Source "ChessBase"]
[SourceDate "2010.07.02"]
[SourceVersion "2"]
[SourceVersionDate "2010.07.15"]
[SourceQuality "1"]

1. d4 d5 2. c4 c6 3. Nc3 e5 4. cxd5 cxd5 5. e3 e4 6. Qa4+ Nc6 7. Bb5 Nge7 8. Nge2 a6 9. Bxc6+ Nxc6 10. Nf4 Be6 11. Nxe6 fxe6 12. 0-0 b5 13. Qb3 Nb4 14. Bd2 Nd3 15. Nxe4 Nxb2 16. Qxb2 dxe4 17. Rac1 Be7 18. Rc6 Qd5 19. Rfc1 0-0 20. Ba5 Kf7 21. Rc7 Kf6 22. Bb4 Bd6 23. Bxd6 Qxd6 24. d5+ Kf5 25. Qxg7 Qe5 26. g4# 1-0

[Event "Budapest FS02 FM-C"]
[Site "Budapest"]
[Date "2010.02.12"]
[Round "7"]
[White "Kelemen, Lajos"]
[Black "Mihajlova, Diana"]
[Result "1/2-1/2"]
[WhiteElo "1454"]
[BlackElo "1453"]
[PlyCount "108"]
[EventDate "2010.02.06"]
[EventType "tourn"]
[EventRounds "10"]
[EventCountry "HUN"]
[SourceTitle "CBM 135 Extra"]
[Source "ChessBase"]
[SourceDate "2010.05.04"]
[SourceVersion "1"]
[SourceVersionDate "2010.05.04"]
[SourceQuality "1"]

1. d4 Nf6 2. Bg5 e6 3. e4 h6 4. Be3 Nxe4 5. Nf3 c6 6. Qd3 d5 7. Be2 Bb4+ 8. c3 Bd6 9. 0-0 Qc7 10. Nbd2 Ng5 11. Rfe1 Nxf3+ 12. Nxf3 g5 13. g3 Nd7 14. b3 Nf6 15. Nd2 Bd7 16. c4 Bb4 17. cxd5 Nxd5 18. a3 Be7 19. Bh5 Bf6 20. Ne4 Bg7 21. Bd2 Rf8 22. Nc5 0-0-0 23. b4 Kb8 24. Rec1 f5 25. b5 Qd6 26. Nxd7+ Rxd7 27. bxc6 Rc7 28. Bf3 Rxc6 29. Rcb1 Rb6 30. Bb4 Nxb4 31. axb4 Qxd4 32. Qa3 Ra6 33. Qc1 Rxa1 34. Kg2 Rxb1 35. Qxb1 Qb2 36. Qe1 g4 37. Bxb7 Kxb7 38. Qxe6 Rc8 39. Qd5+ Kc7 40. Qc5+ Kd7 41. Qxf5+ Kd8 42. Qd5+ Kc7 43. Qc5+ Kd7 44. Qd5+ Ke7 45. Qe4+ Qe5 46. Qxg4 Qd5+ 47. f3 Rc2+ 48. Kh3 Qe6 49. Qxe6+ Kxe6 50. f4 Bd4 51. b5 Kf5 52. b6 Bxb6 53. g4+ Kxf4 54. g5 hxg5 1/2-1/2

[Event "Budapest FS02 FM-C"]
[Site "Budapest"]
[Date "2010.02.07"]
[Round "2"]
[White "Mihajlova, Diana"]
[Black "Kelemen, Lajos"]
[Result "1-0"]
[WhiteElo "1453"]
[BlackElo "1454"]
[PlyCount "81"]
[EventDate "2010.02.06"]
[EventType "tourn"]
[EventRounds "10"]
[EventCountry "HUN"]
[SourceTitle "CBM 135 Extra"]
[Source "ChessBase"]
[SourceDate "2010.05.04"]
[SourceVersion "1"]
[SourceVersionDate "2010.05.04"]
[SourceQuality "1"]

1. Nf3 d5 2. c4 d4 3. e3 c5 4. Ne5 dxe3 5. fxe3 Nf6 6. Be2 Qd6 7. d4 cxd4 8. exd4 Nc6 9. Qa4 Bd7 10. Nxd7 Nxd7 11. d5 Qb4+ 12. Nc3 Qxa4 13. Nxa4 Nd4 14. Bd3 e5 15. 0-0 Nc5 16. Nxc5 Bxc5 17. Kh1 0-0 18. Bd2 a5 19. a3 Nb3 20. Rad1 Rfe8 21. Bg5 f6 22. Bh4 Bd4 23. Be4 Bxb2 24. Rf3 a4 25. Rg3 g5 26. Bxg5 fxg5 27. Rxg5+ Kh8 28. Rh5 Re7 29. d6 Rg7 30. d7 Bd4 31. Bxb7 Rb8 32. Bc6 Nc5 33. d8Q+ Rxd8 34. Rxe5 Rdg8 35. Rd5 Bf6 36. h3 Ne6 37. Rf1 Bb2 38. Re1 Nd4 39. Bxa4 Ra8 40. Bd7 Rxa3 41. c5 1-0

[Event "Budapest FS12 FM-C"]
[Site "Budapest"]
[Date "2009.12.15"]
[Round "10"]
[White "Grimm, Daniel"]
[Black "Kelemen, Lajos"]
[Result "1-0"]
[WhiteElo "1636"]
[BlackElo "1516"]
[PlyCount "57"]
[EventDate "2009.12.05"]
[EventType "tourn"]
[EventRounds "11"]
[EventCountry "HUN"]
[SourceTitle "EXT 2012"]
[Source "ChessBase"]
[SourceDate "2011.11.24"]
[SourceVersion "1"]
[SourceVersionDate "2011.11.24"]
[SourceQuality "1"]

1. e4 g6 2. d4 Bg7 3. f4 d6 4. Nf3 Nf6 5. Nc3 c5 6. h3 0-0 7. Be3 Qa5 8. Qd2 Qb6 9. 0-0-0 cxd4 10. Nxd4 Qd8 11. g4 Nc6 12. Be2 Nxd4 13. Bxd4 a6 14. g5 Nd7 15. Bxg7 Kxg7 16. h4 f5 17. h5 fxe4 18. hxg6 hxg6 19. Nxe4 Qe8 20. Rh6 Rh8 21. Rdh1 Rxh6 22. Rxh6 Nf6 23. Nxf6 exf6 24. Bd3 Bf5 25. gxf6+ Kf7 26. Bc4+ Be6 27. Rh7+ Kxf6 28. Qxd6 Rd8 29. Qe5# 1-0

[Event "Budapest FS12 FM-C"]
[Site "Budapest"]
[Date "2009.12.12"]
[Round "7"]
[White "Kelemen, Lajos"]
[Black "Mihajlova, Diana"]
[Result "0-1"]
[WhiteElo "1516"]
[BlackElo "1466"]
[PlyCount "72"]
[EventDate "2009.12.05"]
[EventType "tourn"]
[EventRounds "11"]
[EventCountry "HUN"]
[SourceTitle "EXT 2012"]
[Source "ChessBase"]
[SourceDate "2011.11.24"]
[SourceVersion "1"]
[SourceVersionDate "2011.11.24"]
[SourceQuality "1"]

1. Nf3 d6 2. c4 e5 3. d4 e4 4. Nfd2 Nf6 5. g3 Bf5 6. Bg2 d5 7. cxd5 Qxd5 8. e3 Bb4 9. Nc3 Qa5 10. Qa4+ Nbd7 11. Qxa5 Bxa5 12. 0-0 Bxc3 13. bxc3 c5 14. f3 Nd5 15. fxe4 Nxe3 16. Rxf5 Nxf5 17. exf5 Rb8 18. d5 0-0 19. c4 Rfe8 20. Bb2 Re2 21. Bc3 Rbe8 22. Nf3 Kf8 23. a4 Nb6 24. Bf1 R2e3 25. a5 Nxc4 26. Bxg7+ Kxg7 27. Bxc4 Rxf3 28. Rd1 Re4 29. Bb5 Rxf5 30. Bd3 Rd4 31. Bxf5 Rxd1+ 32. Kg2 Rxd5 33. Be4 Rd7 34. h4 c4 35. Kf2 c3 36. Ke1 Re7 0-1

[Event "Budapest FS12 FM-C"]
[Site "Budapest"]
[Date "2009.12.11"]
[Round "6"]
[White "Grimm, Gyorgy"]
[Black "Kelemen, Lajos"]
[Result "1-0"]
[WhiteElo "1597"]
[BlackElo "1516"]
[PlyCount "83"]
[EventDate "2009.12.05"]
[EventType "tourn"]
[EventRounds "11"]
[EventCountry "HUN"]
[SourceTitle "EXT 2012"]
[Source "ChessBase"]
[SourceDate "2011.11.24"]
[SourceVersion "1"]
[SourceVersionDate "2011.11.24"]
[SourceQuality "1"]

1. e4 g6 2. Nf3 Bg7 3. d4 d6 4. Nc3 a6 5. Be2 Nf6 6. 0-0 0-0 7. Be3 b6 8. Nd2 Bb7 9. f3 e5 10. dxe5 dxe5 11. Nb3 Qc8 12. Qe1 Nh5 13. Qh4 Bf6 14. Bg5 Bxg5 15. Qxg5 Nf4 16. Qxe5 Nxe2+ 17. Nxe2 Nc6 18. Qg3 Nb4 19. c3 Nd3 20. Rab1 Qe6 21. Qxc7 Rab8 22. Nf4 Nxf4 23. Qxf4 Rfc8 24. Rfd1 Bc6 25. Rd6 Qe8 26. Nd4 Ba8 27. Rd1 Qa4 28. Ra1 Rd8 29. Rxd8+ Rxd8 30. Qc7 Qe8 31. Qxb6 Rb8 32. Qxa6 Rxb2 33. Qd3 Qe5 34. Nb3 Qg5 35. g3 Kg7 36. Qd4+ Kh6 37. Qh8 Qh5 38. Qf8+ Kg5 39. h4+ Kf6 40. Rd1 Bxe4 41. Rd6+ Ke5 42. Qe7+ 1-0

[Event "Budapest FS12 FM-C"]
[Site "Budapest"]
[Date "2009.12.08"]
[Round "3"]
[White "Szabo, Miklos"]
[Black "Kelemen, Lajos"]
[Result "0-1"]
[WhiteElo "1442"]
[BlackElo "1516"]
[PlyCount "68"]
[EventDate "2009.12.05"]
[EventType "tourn"]
[EventRounds "11"]
[EventCountry "HUN"]
[SourceTitle "EXT 2012"]
[Source "ChessBase"]
[SourceDate "2011.11.24"]
[SourceVersion "1"]
[SourceVersionDate "2011.11.24"]
[SourceQuality "1"]

1. e4 d6 2. d4 Nd7 3. Nc3 e5 4. dxe5 Nxe5 5. f4 Nc6 6. Nf3 Nf6 7. Bc4 Be6 8. Bb5 Bd7 9. Qe2 Qe7 10. Bd2 a6 11. Bd3 Bg4 12. 0-0 Nd4 13. Qe3 Nxf3+ 14. Rxf3 Bxf3 15. Qxf3 h5 16. Nd5 Nxd5 17. exd5 0-0-0 18. Re1 Qd7 19. Qf2 Kb8 20. f5 Re8 21. Be3 Ka8 22. c4 f6 23. b4 Re5 24. Qh4 Qa4 25. Qd4 b6 26. Qb2 Be7 27. Bc2 Qe8 28. Qa3 Qc8 29. Ba4 Ka7 30. Bb5 h4 31. c5 dxc5 32. bxc5 Bxc5 33. Bxa6 Qxa6 34. Qxa6+ Kxa6 0-1

[Event "Budapest FS12 FM-C"]
[Site "Budapest"]
[Date "2009.12.07"]
[Round "2"]
[White "Kelemen, Lajos"]
[Black "Horvath, Zoltan3333"]
[Result "0-1"]
[WhiteElo "1516"]
[BlackElo "1505"]
[PlyCount "88"]
[EventDate "2009.12.05"]
[EventType "tourn"]
[EventRounds "11"]
[EventCountry "HUN"]
[SourceTitle "EXT 2012"]
[Source "ChessBase"]
[SourceDate "2011.11.24"]
[SourceVersion "1"]
[SourceVersionDate "2011.11.24"]
[SourceQuality "1"]

1. d4 d5 2. c4 c6 3. Nf3 Nf6 4. Nc3 e6 5. Qc2 Be7 6. e4 dxe4 7. Nxe4 0-0 8. a3 a5 9. Bd3 Nxe4 10. Bxe4 g6 11. 0-0 Nd7 12. d5 cxd5 13. cxd5 exd5 14. Bxd5 Qb6 15. Bh6 Rd8 16. Qc4 Bf8 17. Bxf7+ Kh8 18. Qc3+ Nf6 19. Bg5 Bg7 20. Ne5 Bf5 21. Be3 Qd6 22. f4 Ng4 23. Bc5 Qc7 24. Rad1 Nxe5 25. fxe5 Qxf7 26. Rxd8+ Rxd8 27. Qxa5 Qd7 28. Re1 Be6 29. b4 h5 30. Bb6 Rf8 31. Bc7 b5 32. Bd6 Rf5 33. Qa8+ Kh7 34. Qe4 Qa7+ 35. Qe3 Qf7 36. Qe2 Bc4 37. Qd1 Qa7+ 38. Bc5 Qxa3 39. e6 Qa8 40. e7 Re5 41. Rxe5 Bxe5 42. Qd8 Qa1+ 43. Kf2 Qf1+ 44. Ke3 Qe2# 0-1

[Event "Budapest FS11 FM-B"]
[Site "Budapest"]
[Date "2009.11.08"]
[Round "2"]
[White "Csata, Marcell"]
[Black "Kelemen, Lajos"]
[Result "1-0"]
[WhiteElo "1891"]
[BlackElo "1516"]
[PlyCount "47"]
[EventDate "2009.11.07"]
[EventType "tourn"]
[EventRounds "9"]
[EventCountry "HUN"]
[SourceTitle "EXT 2010"]
[Source "ChessBase"]
[SourceDate "2010.11.25"]
[SourceVersion "1"]
[SourceVersionDate "2010.11.25"]
[SourceQuality "1"]

1. e4 d5 2. exd5 Qxd5 3. Nc3 Qa5 4. d4 e5 5. dxe5 Bb4 6. Bd2 Nc6 7. a3 Qxe5+ 8. Be2 Bc5 9. Nf3 Qd6 10. Nb5 Qd8 11. Bf4 Bb6 12. Qxd8+ Kxd8 13. Bc4 Be6 14. Bxe6 fxe6 15. Ng5 Nh6 16. Nxe6+ Kd7 17. Nbxc7 Rag8 18. 0-0-0+ Ke7 19. Rhe1 Kf6 20. Rd6 Nf5 21. Nd5+ Kf7 22. Rd7+ Nce7 23. Nxe7 Nxe7 24. Ng5+ 1-0